| 000 | 00340nam a22001457a 4500 | ||
|---|---|---|---|
| 003 | SGT | ||
| 020 | _a9789389982329 | ||
| 082 |
_a954.03 _bN20N |
||
| 100 | _aNAAG, KINSHUK | ||
| 245 | _aNETAJI SUBHASH KI RAHASYAMAYI KAHANI | ||
| 260 |
_aINDIA _bPRABHAT PRAKASHAN _c2020 |
||
| 300 | _a216 | ||
| 650 | _aFREEDOM FIGHTERS | ||
| 942 |
_2ddc _cBK |
||
| 999 |
_c26152 _d26152 |
||